000 01030nam0a22002531 4500
001 rc\2769883
005 20250806204239.0
035 _a(NLR Aleph) 006896274
090 _a18849
_c18849
100 _a20110915d1941 u y0rusy50 ca
101 0 _arus
102 _aRU
105 _ay z |||||
200 1 _aПравила приема в заочный техникум и программы приемных испытаний на 1941 г.
_fНаркомтекстиль СССР. Глав. упр. учеб. заведениями
210 _aЛенинград
_cГизлегпром
_d1941
215 _a20 с.
_d15 см.
710 0 1 _aСССР
_bНародный ком. текстильной промышленности
_bГлавное управление учебными заведениями
801 0 _aRU
_bNLR
_gpsbo
801 1 _aRU
_bELAR
_2rusmarc
852 _aNLR
_jПр60 Г-2/10
942 _cBOOK
945 _aРоссийская национальная библиотека
980 _aNB
980 _aBV